Platenie poistného na nemocenské poistenie a dôchodkové zabezpečenie od 1. januára 2001

Dňa 1. decembra 2000 NR SR prijala zákon, ktorým sa mení a dopĺňa zákon NR SR č. 274/1994 Z.z. o Sociálnej poisťovni v znení neskorších predpisov. Vymedzenie subjektov pre platenie poistného. Povinnosť platby pre všetky subjekty. Platitelia nemocenského poistenia. Zmena pre SZČO a spolupracujúce sub...

ver descrição completa

Na minha lista:
Detalhes bibliográficos
Autor principal: Novotná, Eleonóra
Outros Autores: Kasanická, Kornélia
Formato: Capítulo de Livro
Idioma:eslovaco
Assuntos:
Tags: Adicionar Tag
Sem tags, seja o primeiro a adicionar uma tag!

MARC

LEADER 00000naa a2200000 4500
001 r040651
005 20230919115454.1
041 0 |a slo 
044 |a SK 
245 1 0 |a Platenie poistného na nemocenské poistenie a dôchodkové zabezpečenie od 1. januára 2001  |c Eleonóra Novotná, Kornélia Kasanická 
520 |a Dňa 1. decembra 2000 NR SR prijala zákon, ktorým sa mení a dopĺňa zákon NR SR č. 274/1994 Z.z. o Sociálnej poisťovni v znení neskorších predpisov. Vymedzenie subjektov pre platenie poistného. Povinnosť platby pre všetky subjekty. Platitelia nemocenského poistenia. Zmena pre SZČO a spolupracujúce subjekty. Poistné na dôchodkové zabezpečenie. Zmeny vo vymeriavacom základe. Platenie poistného poberateľmi dôchodku. Oznamovacia povinnosť. 
610 2 0 |a zabezpečenie sociálne 
610 2 0 |a zabezpečenie dôchodkové 
610 2 0 |a zabezpečenie nemocenské 
610 2 0 |a poistenci 
610 2 0 |a poistenie 
610 2 0 |a základ vymeriavací 
610 2 0 |a poistenie nemocenské 
610 2 0 |a poistenie dôchodkové doplnkové 
610 2 0 |a zákony 
610 2 0 |a novelizácia 
610 2 0 |a Slovensko 
100 1 |a Novotná, Eleonóra 
700 1 |a Kasanická, Kornélia